| 000 | 00336nam a22001457a 4500 | ||
|---|---|---|---|
| 003 | OSt | ||
| 005 | 20220222094506.0 | ||
| 008 | 220222b |||||||| |||| 00| 0 eng d | ||
| 020 | _a0070250030 | ||
| 040 | _cH U | ||
| 082 |
_26th _a684.08 |
||
| 100 |
_aGronematn Chris H. _931116 |
||
| 245 | _aGeneral Woodworking | ||
| 942 |
_2ddc _cBOOKS _n0 |
||
| 999 |
_c31157 _d31157 |
||